Ekonomické a právne dopady migrácie na vybrané zdrojové krajiny bakalárska práca

Guardado en:
Detalles Bibliográficos
Autor principal: Klenková, Dáša
Autor Corporativo: Národohospodárska fakulta EU. Katedra ekonómie
Otros Autores: Lennerová, Ivana, 1979-
Formato: Libro
Lenguaje:eslovaco
Publicado: Bratislava 2017
Etiquetas: Agregar Etiqueta
Sin Etiquetas, Sea el primero en etiquetar este registro!

MARC

LEADER 00000nbm a2200000 4500
001 0233734
005 20180306130807.8
041 0 |a slo 
044 |a SK 
245 1 0 |a Ekonomické a právne dopady migrácie na vybrané zdrojové krajiny  |b bakalárska práca  |c Dáša Klenková ; školiteľ: Ivana Lennerová 
264 1 |a Bratislava  |c 2017 
300 |a 70 s. 
100 1 |a Klenková, Dáša 
700 1 |a Lennerová, Ivana, 1979- 
710 2 |a Národohospodárska fakulta EU. Katedra ekonómie